Kraje Azji ze znikającą mapą - Statystyki

Ogólne statystyki
  • Ten quiz został rozwiązany 3 373 razy
  • Średni wynik to 37 z 48
Odpowiedzi na mapie
Odpowiedzi zakodowano w zielono-czerwonej skali na mapie do tego quizu, zgodnie z poniższymi procentami.
 
Statystyki odpowiedzi
Kraj % Poprawnych
Chiny
98%
Japonia
96%
Indie
94%
Korea Północna
93%
Korea Południowa
93%
Turcja
93%
Kazachstan
92%
Arabia Saudyjska
90%
Mongolia
90%
Iran
89%
Irak
88%
Indonezja
87%
Izrael
83%
Filipiny
81%
Oman
81%
Wietnam
80%
Afganistan
79%
Pakistan
79%
Zjednoczone Emiraty Arabskie
79%
Gruzja
78%
Jemen
78%
Tajlandia
78%
Cypr
77%
Katar
76%
Sri Lanka
76%
Uzbekistan
76%
Armenia
74%
Azerbejdżan
74%
Nepal
74%
Turkmenistan
74%
Syria
73%
Tadżykistan
73%
Tajwan
73%
Malezja
71%
Kirgistan
70%
Bangladesz
69%
Laos
69%
Jordania
68%
Kambodża
66%
Bhutan
64%
Kuwejt
64%
Singapur
63%
Mjanma
61%
Liban
60%
Malediwy
60%
Bahrajn
55%
Timor Wschodni
52%
Brunei
47%
Nie znaleziono quizów pasujących do podanych kryteriów
Rozkład punktacji
Procent ludzi z każdym wynikiem
Percentyl według liczby udzielonych odpowiedzi
Twoja historia wyników
Nie rozwiązałeś tego quizu